Random house dictionary of the English language (an abridged edition) (Record no. 18904)

MARC details
000 -LEADER
fixed length control field 00377nam a2200133Ia 4500
082 ## - DEWEY DECIMAL CLASSIFICATION NUMBER
Classification number RR 423 RAN-
245 #0 - TITLE STATEMENT
Title Random house dictionary of the English language (an abridged edition)
260 ## - PUBLICATION, DISTRIBUTION, ETC. (IMPRINT)
Place of publication New York
Name of publisher Random House
Year of publication 1967
300 ## - PHYSICAL DESCRIPTION
Number of Pages xxxii, 2053p.
650 ## - SUBJECT ADDED ENTRY--TOPICAL TERM
Topical Term English language - Dictionaries
700 ## - ADDED ENTRY--PERSONAL NAME
Personal name Stein, Jess
700 ## - ADDED ENTRY--PERSONAL NAME
Personal name Urdang, Laurence
942 ## - ADDED ENTRY ELEMENTS (KOHA)
Koha item type Books
Source of classification or shelving scheme Dewey Decimal Classification
Holdings
Withdrawn status Lost status Damaged status Not for loan Home library Current library Date acquired Full call number Accession Number Price effective from Koha item type
        NASSDOC Library NASSDOC Library 08/06/2004 RR 423 RAN- 33 18/04/2019 Books
        NASSDOC Library NASSDOC Library 08/06/2004 RR 423 RAN- 11486 18/04/2019 Books
        NASSDOC Library NASSDOC Library 08/06/2004 RR 423 RAN- 12154 18/04/2019 Books